书目信息 |
| 题名: |
中学数学解题方法
|
|
| 作者: | 谭光宙 主编 | |
| 分册: | ||
| 出版信息: | 北京 北京师范大学出版社 1989.03 |
|
| 页数: | 309页 | |
| 开本: | 18cm | |
| 丛书名: | ||
| 单 册: | ||
| 中图分类: | G633.63 | |
| 科图分类: | ||
| 主题词: | 教育--各级 | |
| 电子资源: | ||
| ISBN: | 7-303-00376-2 | |
| 000 | 00614nam0 2200193 45 | |
| 001 | 0404280813 | |
| 005 | 20070713102740.62 | |
| 010 | @a7-303-00376-2@dCNY3.10 | |
| 100 | @a20040428d1989 km y0chiy0120 ea | |
| 101 | 0 | @achi |
| 200 | 1 | @a中学数学解题方法@AZhong Xue Shu Xue Jie Ti Fang Fa@e综合部分@EZong He Bu Fen@f谭光宙等主编@FTan Guang Zhou Deng Zhu Bian |
| 210 | @a北京@c北京师范大学出版社@d1989.03 | |
| 215 | @a309页@d18cm | |
| 517 | @a综合部分@AZong He Bu Fen | |
| 606 | 0 | @a教育@x各级 |
| 690 | @aG633.63@v3 | |
| 701 | 0 | @a谭光宙@4主编 |
| 801 | @aCN@bPftUser@c20070713 | |
| 905 | @f9@b234199-207@dG633.63@e118:3 | |
| 中学数学解题方法:综合部分/谭光宙等主编.-北京:北京师范大学出版社,1989.03 |
| 309页;18cm |
| ISBN 7-303-00376-2:CNY3.10 |
| ● |
| 相关链接 |
|
|
|
|
正题名:中学数学解题方法
索取号:G633.63/118:3
 
预约/预借
| 序号 | 登录号 | 条形码 | 馆藏地/架位号 | 状态 | 备注 |
| 1 | 0234199 | 000242570 | 密集书库/ [索取号:G633.63/118:3] | 在馆 | |
| 2 | 0234200 | 000246077 | 密集书库/ [索取号:G633.63/118:3] | 在馆 | |
| 3 | 0234201 | 000246068 | 密集书库/ [索取号:G633.63/118:3] | 在馆 | |
| 4 | 0234202 | 000246086 | 密集书库/ [索取号:G633.63/118:3] | 在馆 | |
| 5 | 0234203 | 000246013 | 密集书库/ [索取号:G633.63/118:3] | 在馆 | |
| 6 | 0234204 | 000245979 | 密集书库/ [索取号:G633.63/118:3] | 在馆 | |
| 7 | 0234205 | 000246040 | 密集书库/ [索取号:G633.63/118:3] | 在馆 | |
| 8 | 0234206 | 000246031 | 密集书库/ [索取号:G633.63/118:3] | 在馆 | |
| 9 | 0234207 | 000246022 | 密集书库/ [索取号:G633.63/118:3] | 在馆 | |
| 10 | 0234208 | 000246120 | 第一样本阅览室/ [索取号:G633.63/118:3] | 在馆 | |
| 11 | 0769772 | 207697722 | 密集书库/ [索取号:G633.63/118:3] | 在馆 |